<?xml version="1.0" encoding="UTF-8"?><?xml-stylesheet type="text/xsl" href="static/style.xsl"?><OAI-PMH xmlns="http://www.openarchives.org/OAI/2.0/" xmlns:xsi="http://www.w3.org/2001/XMLSchema-instance" xsi:schemaLocation="http://www.openarchives.org/OAI/2.0/ http://www.openarchives.org/OAI/2.0/OAI-PMH.xsd"><responseDate>2026-04-18T03:40:22Z</responseDate><request verb="GetRecord" identifier="oai:www.recercat.cat:2117/114389" metadataPrefix="marc">https://recercat.cat/oai/request</request><GetRecord><record><header><identifier>oai:recercat.cat:2117/114389</identifier><datestamp>2025-07-22T22:52:01Z</datestamp><setSpec>com_2072_1033</setSpec><setSpec>col_2072_452951</setSpec></header><metadata><record xmlns="http://www.loc.gov/MARC21/slim" xmlns:dcterms="http://purl.org/dc/terms/" xmlns:xsi="http://www.w3.org/2001/XMLSchema-instance" xmlns:doc="http://www.lyncode.com/xoai" xsi:schemaLocation="http://www.loc.gov/MARC21/slim http://www.loc.gov/standards/marcxml/schema/MARC21slim.xsd">
   <leader>00925njm 22002777a 4500</leader>
   <datafield ind2=" " ind1=" " tag="042">
      <subfield code="a">dc</subfield>
   </datafield>
   <datafield ind2=" " ind1=" " tag="720">
      <subfield code="a">Cabré Gimeno, Marc</subfield>
      <subfield code="e">author</subfield>
   </datafield>
   <datafield ind2=" " ind1=" " tag="260">
      <subfield code="c">2017</subfield>
   </datafield>
   <datafield ind2=" " ind1=" " tag="520">
      <subfield code="a">Air-cooling is the most common way of cooling large generators like those used in&#xd;
hydropower. However, because these machines are quite complex and therefore, understanding&#xd;
the cooling of these machines is not easy. The details of the air flow&#xd;
inside of the generator is still a field in which the academics are doing research and&#xd;
developing more detailed and accurate CFD studies. The downside of these CFD&#xd;
studies is that they often involve the use of more computational resources and time.&#xd;
This lack of versatility of CFD studies makes its use impossible for daily small design&#xd;
tests. In this area, the lumped parameter thermal models are the tools used to get&#xd;
fast and good enough results that allow designers to test little modifications.&#xd;
The present work consist of the development of a versatile lumped parameter model,&#xd;
implemented in Matlab/Simulink, to study the cooling of hydro-generators from a&#xd;
thermal and fluid perspective, contributing to future ventilation studies and research.&#xd;
The model created is based on a 3D network modelling of a Voith Hydro&#xd;
real generator, using lumped element strategy and is able to run transient simulations&#xd;
in a very short amount of time. The model is validated with real thermal data&#xd;
and is finally used to perform a parametric study of the outlets of the stator cooling&#xd;
ducts of the modelled generator.</subfield>
   </datafield>
   <datafield tag="653" ind2=" " ind1=" ">
      <subfield code="a">Àrees temàtiques de la UPC::Energies</subfield>
   </datafield>
   <datafield tag="653" ind2=" " ind1=" ">
      <subfield code="a">Hidroelectric power plants</subfield>
   </datafield>
   <datafield tag="653" ind2=" " ind1=" ">
      <subfield code="a">Cooling systems</subfield>
   </datafield>
   <datafield tag="653" ind2=" " ind1=" ">
      <subfield code="a">Centrals hidroelèctriques</subfield>
   </datafield>
   <datafield tag="653" ind2=" " ind1=" ">
      <subfield code="a">Refrigeració, Sistemes de</subfield>
   </datafield>
   <datafield ind2="0" ind1="0" tag="245">
      <subfield code="a">Network modelling of cooling of hydro-generators</subfield>
   </datafield>
</record></metadata></record></GetRecord></OAI-PMH>